| 000 | 01448cam a22002174a 4500 | ||
|---|---|---|---|
| 005 | 20250605164113.0 | ||
| 008 | 250528s ||||||||||||||||||||||||d | ||
| 035 | _a17981 | ||
| 020 | _a9789605160678 | ||
| 040 |
_aGR-AtMCL _bgre _dGR-AtMCL _eAACR2 |
||
| 245 | 1 | _aBusiness English at University | |
| 260 |
_bΑνικούλα, _c2019 |
||
| 300 | _a392 | ||
| 520 | _aThe textbook is designed to meet the future business needs of university students: letter-writing (complaint, cover letter), report - writing, curriculum vitae, telephoning, negotiating and dealing with international business communication. Social vs Traditional Entrepreneur, The History of Google, Start-Up Business Models, Understanding Job Adverts, Employability Skills, CV and Cover Letter, Preparing for the Interview, Telecommuting, Incentivizing Labor, Company Profiles, About Organizations, Financial Statements, The Stock Exchange Market, Social Media Marketing, Returns Policy, SWOT Analysis, Case Study: Structura Steel Co, Crisis Management, Company Accountability, Business Across Cultures, Intercultural Awareness, Business Etiquette: Country Profiles, The Little Prince, Tom Sawyer, Appendixes, Grammar Reference, Business Letter Writing, Telephoning, Key to Study Exercises, Acknowledgements. | ||
| 700 | 1 |
_aKantaridou Zoe _94300 |
|
| 700 | 1 |
_aPapadopoulou Iris _94301 |
|
| 700 | 1 |
_aStefanou Polyxeni _94302 |
|
| 942 | _cBK | ||
| 999 |
_c3375 _d3375 |
||